| 000 | 01301nam a22002897a 4500 | ||
|---|---|---|---|
| 005 | 20170124103224.0 | ||
| 010 | _aB-075250 | ||
| 020 |
_c150.00 _a8170551315 |
||
| 035 | _aB-075250 | ||
| 037 | _bCen Lib/Ret | ||
| 040 |
_aDPL _bHN |
||
| 082 |
_a822 _bसाहीवि |
||
| 100 |
_aसाही, विनोद _9134627 |
||
| 245 |
_aतीर्थ यात्रा / _cविनोद साही, हरदर्शन सहगल [और] सुभलक्ष्मी ; सम्पादक विभा रानी |
||
| 246 |
_aTeen Purskrit natak / _bby Vinod Sahi, Hardarshan Sahgal [and] Sublaxmi ; edited by Bibha Rani |
||
| 260 |
_aदिल्ली _bवाणी प्रकाशन _c2002 |
||
| 270 |
_a21 ए, दरयागंज _bनयी दिल्ली _e110002 |
||
| 300 |
_a128पृ. _c20सेमी(सजिल्द ) |
||
| 650 |
_aहिंदी साहित्य _x _z _9134628 |
||
| 650 |
_aउपन्यास _v _x _941422 |
||
| 650 |
_aHindi litarature _9134629 |
||
| 650 |
_aNovel _922513 |
||
| 700 |
_aसहगल, हरदर्शन _9134630 |
||
| 700 |
_aबी. शुभलक्ष्मी _950674 |
||
| 700 |
_aविभा रानी _9134631 |
||
| 942 |
_2ddc _cHN _h822 _mसाहीवि |
||
| 999 |
_c122040 _d122040 |
||